| 000 | 01774nam a2200361 a 4500 | ||
|---|---|---|---|
| 001 | 000034092 | ||
| 003 | DO-SdBNP | ||
| 005 | 20251027110842.0 | ||
| 008 | 110923s2000 dr ac 000 0 spa d | ||
| 040 |
_aDO-SdBNP _bspa _cBNPHU |
||
| 041 | 1 | 7 |
_aspa _2eng _hfre |
| 082 |
_a745.723 _bV648u |
||
| 245 | 0 | 3 |
_aLa vida urbana en la región del caribe = the urban life in the caribbean region = la vie urbaine dans la region des caraibes : _bprimera exposición temática itinerante en la región / _ctextos Derek Walcott... [et al.] ; editor Marianne de Tolentino, Clara Caminero ; traducciones Ricardo Golibart, Nicolás Labrecque. |
| 260 |
_aSanto Domingo : _bCentro Cultural Cariforo, _c2000. |
||
| 300 |
_a104 p. : _bil. retrs. ; _c23 cm. |
||
| 520 | _aSe presenta la exposición temática itinerante de 154 obras sobre el tema "La vida urbana en la región del Caribe", con 80 pinturas, 30 fotografías, 6 dibujos, 29 grabados, 9 instalaciones de 68 artistas caribeños. Se muestra un resumen curricular de los autores de los 15 países participantes. | ||
| 546 | _aTexto en español, inglés y francés. | ||
| 590 | _aInventariado, 2018/LP | ||
| 650 | 4 |
_aArte caribeño _ySIGLO XX _xExposiciones _959515 |
|
| 650 | 4 |
_aPintura caribeña _xExposiciones _959516 |
|
| 650 | 4 |
_aPintores caribeños _xExposiciones _959517 |
|
| 700 | 1 |
_aWalcott, Derek _959518 |
|
| 700 | 1 |
_aAlexis, Gérald _959519 |
|
| 700 | 1 |
_aJansen, Betty _959520 |
|
| 700 | 1 |
_aPoupeye, Veerle _959521 |
|
| 700 | 1 |
_aTolentino, Marianne de _915222 |
|
| 700 | 1 |
_aCaminero, Clara, _eed. _959522 |
|
| 700 | 1 |
_aGolibart, Ricardo, _etr. _959523 |
|
| 700 | 1 |
_aLabrecque, Nicolás, _etr. _959524 |
|
| 710 | 2 | 2 |
_aCentro Cultural Cariforo _968158 |
| 910 | _aValidado. Control de calidad EMS. | ||
| 942 |
_2ddc _cLBS1 |
||
| 999 |
_c33583 _d33583 |
||